<?xml version="1.0" encoding="UTF-8"?><marc:collection xmlns:marc="http://www.loc.gov/MARC21/slim">
  <marc:record>
    <marc:leader>00000nam  2200000zi 4500</marc:leader>
    <marc:controlfield tag="001">9.886120</marc:controlfield>
    <marc:controlfield tag="003">CaOODSP</marc:controlfield>
    <marc:controlfield tag="005">20221107171329</marc:controlfield>
    <marc:controlfield tag="006">m     o  d f      </marc:controlfield>
    <marc:controlfield tag="007">cr cn|||||||||</marc:controlfield>
    <marc:controlfield tag="008">200421t20202020onca    o    f000 0 eng d</marc:controlfield>
    <marc:datafield tag="020" ind1=" " ind2=" ">
      <marc:subfield code="a">9780660346984</marc:subfield>
    </marc:datafield>
    <marc:datafield tag="040" ind1=" " ind2=" ">
      <marc:subfield code="a">CaOODSP</marc:subfield>
      <marc:subfield code="b">eng</marc:subfield>
      <marc:subfield code="e">rda</marc:subfield>
      <marc:subfield code="c">CaOODSP</marc:subfield>
    </marc:datafield>
    <marc:datafield tag="043" ind1=" " ind2=" ">
      <marc:subfield code="a">n-cn---</marc:subfield>
    </marc:datafield>
    <marc:datafield tag="045" ind1=" " ind2=" ">
      <marc:subfield code="a">y2y2</marc:subfield>
    </marc:datafield>
    <marc:datafield tag="086" ind1="1" ind2=" ">
      <marc:subfield code="a">H14-348/2020E-PDF</marc:subfield>
    </marc:datafield>
    <marc:datafield tag="245" ind1="0" ind2="0">
      <marc:subfield code="a">Perceptions from official language minority communities : </marc:subfield>
      <marc:subfield code="b">access to health services in the official language of choice 2020 : final report / </marc:subfield>
      <marc:subfield code="c">submitted to Health Canada ; prepared by Leger.</marc:subfield>
    </marc:datafield>
    <marc:datafield tag="264" ind1=" " ind2="1">
      <marc:subfield code="a">[Ottawa] : </marc:subfield>
      <marc:subfield code="b">Health Canada = Santé Canada, </marc:subfield>
      <marc:subfield code="c">2020.</marc:subfield>
    </marc:datafield>
    <marc:datafield tag="264" ind1=" " ind2="4">
      <marc:subfield code="c">©2020</marc:subfield>
    </marc:datafield>
    <marc:datafield tag="300" ind1=" " ind2=" ">
      <marc:subfield code="a">1 online resource (168 pages) : </marc:subfield>
      <marc:subfield code="b">colour illustrations + </marc:subfield>
      <marc:subfield code="e">executive summary (14 pages)</marc:subfield>
    </marc:datafield>
    <marc:datafield tag="336" ind1=" " ind2=" ">
      <marc:subfield code="a">text</marc:subfield>
      <marc:subfield code="b">txt</marc:subfield>
      <marc:subfield code="2">rdacontent</marc:subfield>
    </marc:datafield>
    <marc:datafield tag="337" ind1=" " ind2=" ">
      <marc:subfield code="a">computer</marc:subfield>
      <marc:subfield code="b">c</marc:subfield>
      <marc:subfield code="2">rdamedia</marc:subfield>
    </marc:datafield>
    <marc:datafield tag="338" ind1=" " ind2=" ">
      <marc:subfield code="a">online resource</marc:subfield>
      <marc:subfield code="b">cr</marc:subfield>
      <marc:subfield code="2">rdacarrier</marc:subfield>
    </marc:datafield>
    <marc:datafield tag="500" ind1=" " ind2=" ">
      <marc:subfield code="a">Issued also in French under title: Perceptions des communautés de langue officielle en situation minoritaire : accès aux services de santé dans la langue officielle de son choix 2020 : rapport final.</marc:subfield>
    </marc:datafield>
    <marc:datafield tag="500" ind1=" " ind2=" ">
      <marc:subfield code="a">"Contract number: HT372-194222/001/CY."</marc:subfield>
    </marc:datafield>
    <marc:datafield tag="500" ind1=" " ind2=" ">
      <marc:subfield code="a">"POR #077-19."</marc:subfield>
    </marc:datafield>
    <marc:datafield tag="500" ind1=" " ind2=" ">
      <marc:subfield code="a">"March 2020."</marc:subfield>
    </marc:datafield>
    <marc:datafield tag="500" ind1=" " ind2=" ">
      <marc:subfield code="a">Issued also in HTML format.</marc:subfield>
    </marc:datafield>
    <marc:datafield tag="650" ind1=" " ind2="0">
      <marc:subfield code="a">Linguistic minorities</marc:subfield>
      <marc:subfield code="x">Medical care</marc:subfield>
      <marc:subfield code="z">Canada</marc:subfield>
      <marc:subfield code="x">Public opinion.</marc:subfield>
    </marc:datafield>
    <marc:datafield tag="650" ind1=" " ind2="0">
      <marc:subfield code="a">Linguistic minorities</marc:subfield>
      <marc:subfield code="x">Services for</marc:subfield>
      <marc:subfield code="z">Canada</marc:subfield>
      <marc:subfield code="x">Public opinion.</marc:subfield>
    </marc:datafield>
    <marc:datafield tag="650" ind1=" " ind2="0">
      <marc:subfield code="a">Public opinion</marc:subfield>
      <marc:subfield code="z">Canada.</marc:subfield>
    </marc:datafield>
    <marc:datafield tag="650" ind1=" " ind2="0">
      <marc:subfield code="a">Linguistic minorities</marc:subfield>
      <marc:subfield code="z">Canada</marc:subfield>
      <marc:subfield code="x">Attitudes.</marc:subfield>
    </marc:datafield>
    <marc:datafield tag="710" ind1="1" ind2=" ">
      <marc:subfield code="a">Canada. </marc:subfield>
      <marc:subfield code="b">Health Canada, </marc:subfield>
      <marc:subfield code="e">issuing body.</marc:subfield>
    </marc:datafield>
    <marc:datafield tag="710" ind1="2" ind2=" ">
      <marc:subfield code="a">Léger (Firm), </marc:subfield>
      <marc:subfield code="e">consultant.</marc:subfield>
    </marc:datafield>
    <marc:datafield tag="775" ind1="0" ind2="8">
      <marc:subfield code="t">Perceptions des communautés de langue officielle en situation minoritaire : </marc:subfield>
      <marc:subfield code="w">(CaOODSP)9.886122</marc:subfield>
    </marc:datafield>
    <marc:datafield tag="856" ind1="4" ind2="0">
      <marc:subfield code="q">PDF</marc:subfield>
      <marc:subfield code="s">2.96 MB</marc:subfield>
      <marc:subfield code="u">https://publications.gc.ca/collections/collection_2020/sc-hc/H14-348-2020-eng.pdf</marc:subfield>
      <marc:subfield code="z">(Final report)</marc:subfield>
    </marc:datafield>
    <marc:datafield tag="856" ind1="4" ind2="0">
      <marc:subfield code="q">PDF</marc:subfield>
      <marc:subfield code="s">650 KB</marc:subfield>
      <marc:subfield code="u">https://publications.gc.ca/collections/collection_2020/sc-hc/H14-348-2020-1-eng.pdf</marc:subfield>
      <marc:subfield code="z">(Executive summary)</marc:subfield>
    </marc:datafield>
    <marc:datafield tag="856" ind1="4" ind2=" ">
      <marc:subfield code="q">HTML</marc:subfield>
      <marc:subfield code="s">N/A</marc:subfield>
      <marc:subfield code="u">https://epe.lac-bac.gc.ca/100/200/301/pwgsc-tpsgc/por-ef/health/2020/077-19-e/main-eng.html</marc:subfield>
      <marc:subfield code="z">(Final report)</marc:subfield>
    </marc:datafield>
    <marc:datafield tag="856" ind1="4" ind2=" ">
      <marc:subfield code="q">HTML</marc:subfield>
      <marc:subfield code="s">N/A</marc:subfield>
      <marc:subfield code="u">https://epe.lac-bac.gc.ca/100/200/301/pwgsc-tpsgc/por-ef/health/2020/077-19-e/summary/summary-eng.html</marc:subfield>
      <marc:subfield code="z">(Executive summary)</marc:subfield>
    </marc:datafield>
  </marc:record>
</marc:collection>
